| 000 | 00727nam a22001337a 4500 | ||
|---|---|---|---|
| 040 | _cRUA | ||
| 082 | _aAGR KOV 2011 B049 Or.1 | ||
| 100 | _aKOV, RITHA. | ||
| 245 | _aComparison of nitrogen mineralization of faeces and urine of cattle fed different diets in sandy loam soil, ការប្រៀបធៀបខនិចកម្មអាសូតនៃលាមក និងទឹកនោមគោដែលបានពីចំណីខុសៗគ្នាក្នុងលក្ខខ័ណ្ឌដីល្បាយខ្សាច់ | ||
| 260 |
_aPhnom Penh _bRUA _c2011 |
||
| 300 |
_aviii, 44p. _bill. _c29cm. |
||
| 856 | _uhttps://drive.google.com/file/d/1-B_DYG_1DvQMl8SXMef-SL5ryF-HvjTA/view?usp=sharing | ||
| 942 | _cAGR | ||
| 999 |
_c1304 _d1304 |
||